000 01033nam a2200241Ia 4500
001 17308
003 GE_BSU
008 181216s||||||||xx |||||||||||||| ||und||
040 _cGE_BSU
080 _a821.161.1-32+94(47)"17
100 _aრადიშჩევი,ა.
245 _aმოგზაურობა პეტერბურგიდან მოსკოვს
245 _bრომანი:რუსეთის ისტორია
245 _cთარგმ.:დ.დეკანოზიშვილისა;რედ.;ვ.ხოშტარია; მხათვ.:ვ.გიორგობიანი,ვ.კუპრაშვილი
260 _aთბილისი
260 _bსახელგამი
260 _c1955
300 _a252გვ.;20სმ
300 _eდანართი:საკუთარ სახელთა ლესიკონი:გვ.246-251
653 _aრომანი
653 _aრუსეთის ისტორია
942 _cBK
999 _c50367
_d50367